Loading...
| Science - Biology | 0 | 9 | 0 | 0 | 90 | 52 | 81.56 | 2 | 7 | 0.00 | 0.00 |
| Literature - British | 0 | 5 | 0 | 0 | 50 | 83 | 109.40 | 0 | 2 | 0.00 | 0.00 |
| Mythology | 0 | 5 | 0 | 4 | 50 | 55 | 98.20 | 0 | 0 | 0.00 | 0.00 |
| Science - Chemistry | 0 | 5 | 1 | 1 | 45 | 55 | 90.00 | 2 | 5 | 0.00 | 0.00 |
| History - American | 0 | 3 | 0 | 0 | 30 | 99 | 116.33 | 0 | 1 | 0.00 | 0.00 |
| Fine Arts - Other | 0 | 3 | 0 | 0 | 30 | 65 | 87.00 | 1 | 3 | 0.00 | 0.00 |
| Literature - European | 0 | 3 | 0 | 1 | 30 | 81 | 103.33 | 1 | 3 | 0.00 | 0.00 |
| Science - Physics | 0 | 3 | 1 | 0 | 25 | 59 | 84.67 | 0 | 2 | 0.00 | 0.00 |
| Fine Arts - Classical Music | 0 | 2 | 0 | 0 | 20 | 89 | 91.50 | 0 | 1 | 0.00 | 0.00 |
| History - European | 0 | 2 | 0 | 1 | 20 | 99 | 110.00 | 0 | 1 | 0.00 | 0.00 |
| Literature - World/Other | 0 | 2 | 0 | 0 | 20 | 95 | 105.00 | 0 | 2 | 0.00 | 0.00 |
| Pop Culture | 0 | 2 | 0 | 0 | 20 | 65 | 92.00 | 0 | 1 | 0.00 | 0.00 |
| Religion | 0 | 2 | 0 | 1 | 20 | 125 | 129.00 | 0 | 0 | 0.00 | 0.00 |
| Science - Other | 0 | 2 | 0 | 0 | 20 | 63 | 77.00 | 1 | 2 | 0.00 | 0.00 |
| Geography/Current Events | 0 | 1 | 0 | 1 | 10 | 130 | 130.00 | 0 | 0 | 0.00 | 0.00 |
| Fine Arts - Visual | 0 | 1 | 0 | 0 | 10 | 80 | 80.00 | 0 | 1 | 0.00 | 0.00 |
| History - World | 0 | 1 | 0 | 0 | 10 | 117 | 117.00 | 0 | 1 | 0.00 | 0.00 |
| Literature - American | 0 | 1 | 0 | 0 | 10 | 78 | 78.00 | 0 | 1 | 0.00 | 0.00 |
| Other Academic | 0 | 1 | 0 | 0 | 10 | 103 | 103.00 | 0 | 1 | 0.00 | 0.00 |
| Philosophy | 0 | 1 | 2 | 1 | 0 | 104 | 104.00 | 0 | 1 | 0.00 | 0.00 |
| Social Science | 0 | 0 | 1 | 0 | -5 | 0.00 | 0 | 0 | 0.00 | 0.00 |